The new farmer's calendar (Record no. 113581)

MARC details
000 -LEADER
fixed length control field 00681cam a22001815a 4500
001 - CONTROL NUMBER
control field L155468
008 - FIXED-LENGTH DATA ELEMENTS--GENERAL INFORMATION
fixed length control field 120326s1801 xxk f 000 0 eng d
035 ## - SYSTEM CONTROL NUMBER
System control number (Sirsi) u155468
041 0# - LANGUAGE CODE
Language code of text/sound track or separate title eng
100 1# - MAIN ENTRY--PERSONAL NAME
Personal name Lawrence, John
245 04 - TITLE STATEMENT
Title The new farmer's calendar
Remainder of title or, Monthly remembrancer, for all kinds of country business ... with the management of live stock ... By a farmer and breeder [i.e. J. Lawrence]. Second edition, with considerable additions
260 ## - PUBLICATION, DISTRIBUTION, ETC.
Place of publication, distribution, etc. London
Name of publisher, distributor, etc. H. D. Symonds, etc.
Date of publication, distribution, etc. 1801
300 ## - PHYSICAL DESCRIPTION
Extent vi, 554 p.
Other physical details plate
Dimensions 8o
583 ## - ACTION NOTE
Action Condition reviewed
Time/date of action 20120620
Status condition level 4
651 #4 - SUBJECT ADDED ENTRY--GEOGRAPHIC NAME
Geographic name Great Britain
Chronological subdivision 1707-
690 ## - LOCAL SUBJECT ADDED ENTRY--TOPICAL TERM (OCLC, RLIN)
Topical term or geographic name as entry element Rural
9 (RLIN) 6268
942 ## - ADDED ENTRY ELEMENTS (KOHA)
Suppress in OPAC 0
Holdings
Withdrawn status Lost status Source of classification or shelving scheme Damaged status Not for loan Home library Current library Shelving location Date acquired Total Checkouts Full call number Barcode Date last seen Copy number Price effective from Koha item type
    Dewey Decimal Classification     Historic collection Historic collection Historic collection 26/03/2012   OCTAVO 1801 LAWRENCE 30077234 06/08/2019 1 06/08/2019 Book